书目信息 |
| 题名: |
细胞培养与蛋白质工程
|
|
| 作者: | 范代娣 著 | |
| 分册: | ||
| 出版信息: | 北京 化学工业出版社 2000 |
|
| 页数: | 217页 | |
| 开本: | 21cm | |
| 丛书名: | ||
| 单 册: | ||
| 中图分类: | Q753 | |
| 科图分类: | ||
| 主题词: | 基因--作用 , 蛋白质--生物合成 | |
| 电子资源: | ||
| ISBN: | 7-5025-2950-0 | |
| 000 | 00569nam0 2200205 45 | |
| 001 | 0303111174 | |
| 005 | 20041125154844.6 | |
| 010 | @a7-5025-2950-0@dCNY20.00 | |
| 100 | @a20030311d2000 km y0chiy0120 ea | |
| 101 | 0 | @achi |
| 105 | @a z 000yy | |
| 200 | 1 | @a细胞培养与蛋白质工程@AXi Bao Pei Yang Yu Dan Bai Zhi Gong Cheng@f范代娣著@FFan Dai Di Zhu |
| 210 | @a北京@c化学工业出版社@d2000 | |
| 215 | @a217页@d21cm | |
| 606 | 0 | @a基因@x作用 |
| 606 | 0 | @a蛋白质@x生物合成 |
| 690 | @aQ753@v4 | |
| 701 | @a范代娣@4著 | |
| 801 | @aCN@bTSTC@c20030311 | |
| 905 | @dQ753@e37 | |
| 细胞培养与蛋白质工程/范代娣著.-北京:化学工业出版社,2000 |
| 217页;21cm |
| ISBN 7-5025-2950-0:CNY20.00 |
| ● |
| 相关链接 |
|
|
|
|
正题名:细胞培养与蛋白质工程
索取号:Q753/37
 
预约/预借
| 序号 | 登录号 | 条形码 | 馆藏地/架位号 | 状态 | 备注 |
| 1 | 0320995 | 203209955 | 第三借阅区/ [索取号:Q753/37] | 在馆 | |
| 2 | 0320996 | 203209964 | 第三借阅区/ [索取号:Q753/37] | 在馆 | |
| 3 | 0320997 | 203209973 | 第三借阅区/ [索取号:Q753/37] | 在馆 | |
| 4 | 0320998 | 203209982 | 第三借阅区/ [索取号:Q753/37] | 在馆 | |
| 5 | 0320999 | 203209991 | 第二样本阅览室/ [索取号:Q753/37] | 在馆 |